000 00516nam a2200181Ia 4500
005 20250508162252.0
008 008 250505s9999 xx 000 0 eng d
037 _aTextual
040 _aFEDL
_beng
_cFEDL
041 _aeng
_2eng
084 _a294.5, KAR
_qFEDL
100 _aKarna K. K. Lal
245 0 _aMahatma Gandhi contribution to Hinduism
260 _aNew Delhi, India
_bClassical Publishing Company
_c1981
300 _avi,184p
942 _cTEXL
_h294.5, KAR
999 _c1375481
_d1375481